Qb's Over 4'000 Yards in 2023-2024 NFL Season - Statistics

General Stats
  • This quiz has been taken 106 times
  • The average score is 10 of 10
Answer Stats
Team QuarterBack Throwing Yards % Correct
Lions Jared Goff 4,575
99%
Dolphins Tua Tagovailoa 4,624
99%
49ers Brock Purdy 4,280
98%
Bills Josh Allen 4,306
98%
Chiefs Patrick Mahomes 4,183
98%
Texans C.J Stroud 4,108
97%
Cowboys Dak Prescott 4,516
97%
Packers Jordan Love 4,159
97%
Buccaneers Baker Mayfield 4,044
95%
Jaguars Trevor Lawrence 4,016
94%
No matching quizzes found
Score Distribution
Percent of People with Each Score
Percentile by Number Answered
Your Score History
You have not taken this quiz